00842nam a22001817a 4500003000200000005001700002008004100019050002500060100002900085245014200114260007100256300002600327500004300353504005600396650006200452650007200514650007400586020250214162535.0250214b xxu||||| |||| 00| 0 eng d aBF 698.35b.P67 2024 aPoral, Dana Lorraine B.  aPsychological resilience and culture shock of Filipino College students from abroad studying in the Philippines. cDana Lorraine B. Poral aLas Pinas CitybSouthville International School and Collegesc2024 aix, 223 pages;c28cm. aBachelor of Science in Psychological.  aIncludes bibliographical references and appendices. aPsychological Resilience—Adaptation--Filipino students. aCultureshock— International Filipino College Students,Impact of.  aCross-cultural adjustment—Challenges--Returning Filipino Students..